000 00715nam a2200265Ia 4500
005 20260302114812.0
008 008 260114s9999 xx 000 0 eng d
020 _a9781978728073
037 _aTextbook
040 _aCRL
040 _beng
040 _cCRL
041 _2eng
041 _aeng
084 _qCRL
100 _aJennifer D. Ryan-Bryant
_91119804
245 0 _aTed Hughes, Sylvia Plath, and Writing Between Them Turning the Table
260 _bBloomsbury
260 _bLexington Books
260 _c2022
650 _aLiterary Studies
856 _uhttps://doi.org/10.5040/9781978728073?locatt=label:secondary_bloomsburyCollections
942 _cEBOOK
999 _c1683889
_d1683889